00557 2200205 4500001002100000005001700021008004100038035002600079245002100105100002100126250000600147260005500153300002300208020002200231082000800253084001000261520003200271650003000303990001800333INLIS00000000000143020191229213334.0191229| ||| | ind  a 0010-12190000000143000cEffendi M.Guntur0 aEffendi M.Guntur a1 aSagung Seto : JakartabSagung Seto : Jakartac2010 a425 hlm ;c425 hlm a978-979-3288-99-40 a600 a658,8 aSUMBANGAN PERPUSNAS RI 2009 0aManajemen Pemasaran 658.8 aB201505282212